000 00490cam a2200181ua 4500
001 3020
008 110921n ii |||gr||||Z||||||asm
040 _cMAIN
082 _a920
100 1 _aBezbaroa, Lakshminath,
_eAuthor.
245 1 1 _aSahityarath Lakshminath Bezbaroa
_cby Lakshminath Bezbaroa
250 _a1st.
260 _aJorhat:
_bAssam sahitya sabha,968.
300 _a20p:
_c23cm.
653 _aBiography
653 _aBiography of Sahityarath Lakshminath Bezbaroa
942 _cBK
999 _c2868
_d2868